000 00253nam a2200109Ia 4500
008 190914s9999||||xx |||||||||||||| ||und||
100 _aLiaqat Sanni
245 0 _aBara Hoi Poskina Shaherey
260 _aIslamabad
_bHEC
_c2002
300 _a726
942 _cBK
999 _c9778
_d9778